My china dairy (Record no. 4036)

MARC details
000 -LEADER
fixed length control field 00502cam a2200205ua 4500
001 - CONTROL NUMBER
control field 4219
005 - DATE AND TIME OF LATEST TRANSACTION
control field 20260515113813.0
008 - FIXED-LENGTH DATA ELEMENTS--GENERAL INFORMATION
fixed length control field 111221n ii |||gr||||Z||||||eng
020 ## - INTERNATIONAL STANDARD BOOK NUMBER
International Standard Book Number 0-7069-3033-9
040 ## - CATALOGING SOURCE
Transcribing agency MAIN
082 ## - DEWEY DECIMAL CLASSIFICATION NUMBER
Classification number 891.4518
100 ## - MAIN ENTRY--PERSONAL NAME
Personal name Jacob, T. M.,
245 11 - TITLE STATEMENT
Title My china dairy
Statement of responsibility, etc. by T. M. Jacob
250 ## - EDITION STATEMENT
Edition statement 1st.
260 ## - PUBLICATION, DISTRIBUTION, ETC.
Place of publication, distribution, etc. New Delhi:
Name of publisher, distributor, etc. Vikas publishing house pvt ltd.,986.
300 ## - PHYSICAL DESCRIPTION
Extent 79p:
Dimensions 23cm.
653 ## - INDEX TERM--UNCONTROLLED
Uncontrolled term My china dairy
653 ## - INDEX TERM--UNCONTROLLED
Uncontrolled term assamese traveller
942 ## - ADDED ENTRY ELEMENTS (KOHA)
Koha item type Books
Holdings
Withdrawn status Lost status Damaged status Not for loan Home library Current library Shelving location Date acquired Total checkouts Full call number Barcode Date last seen Copy number Price effective from Koha item type
        Naharkatiya College Library Naharkatiya College Library General stacks 09/19/2020   891.4518 | JAC 3972 09/19/2020 1 09/19/2020 Books